LIBRARY & INFORMATION CENTRE, KCAET, TAVANUR

ONLINE PUBLIC ACCESS CATALOGUE (OPAC)

Troubles experienced with automatics: Their cause and curve / (Record no. 9656)

MARC details
000 -LEADER
fixed length control field 00392cam a2200145ua 4500
041 ## - LANGUAGE CODE
Language code of text/sound track or separate title eng
082 ## - DEWEY DECIMAL CLASSIFICATION NUMBER
Classification number 629.25
Item number FLU/TR
100 ## - MAIN ENTRY--AUTHOR NAME
Personal name Fluskey, E E .
245 ## - TITLE STATEMENT
Title Troubles experienced with automatics: Their cause and curve /
260 ## - PUBLICATION, DISTRIBUTION, ETC. (IMPRINT)
Place of publication London :
Name of publisher Machinery publishing co ltd.
300 ## - PHYSICAL DESCRIPTION
Number of Pages 48 ; .
942 ## - ADDED ENTRY ELEMENTS (KOHA)
Koha item type Books
Holdings
Withdrawn status Lost status Damaged status Home library Current library Date acquired Full call number Accession Number Koha item type
      KAUAET KAUAET 07/04/2012 629.25 3854 Books
free website counter